Sistemas de puesta a tierra en instalaciones de telecomunicaciones

Uloženo v:
Podrobná bibliografie
Hlavní autor: Cerdas Zeledón, Allan
Médium: Kniha
Vydáno: [San José, Costa Rica] 2008
Témata:
Tagy: Přidat tag
Žádné tagy, Buďte první, kdo vytvoří štítek k tomuto záznamu!

MARC

LEADER 00000nam a2200000Ia 4500
003 010357
005 20221231144058.0
008 140114s2008 c a 000 | s d
040 |c cru CEDI  
090 |a TFG 5695 
100 |a Cerdas Zeledón, Allan   |9 4258 
245 |a  Sistemas de puesta a tierra en instalaciones de telecomunicaciones 
260 |c 2008  |b [San José, Costa Rica] 
300 |a x, 220 hojas; ilustraciones 
500 |a Proyecto de graduación (bachiller en ingeniería eléctrica)--Universidad de Costa Rica. Facultad de Ingeniería. Escuela de Ingeniería Eléctrica 
650 |x TELECOMUNICACIONES   |x SISTEMAS DE TRANSMISION DE DATOS   |x  CABLES ELECTRICOS   |x  INSTALACIONES ELECTRICAS - EQUIPO ELECTRICO   |9 4259 
942 |c TFG 
999 |c 16564  |d 16564